000 00289nam a22001217a 4500
082 _a510
_bKUM/P
245 _aPRADEEP'S NEW COURSE MATHEMATICS
_bCLASS XII
246 _aPRADEEP'S NEW COURSE MATHEMATICS
_bCLASS XII
250 _a2014
300 _aM/8
520 _aMATHS TEXTBOOK
942 _cBK
999 _c241
_d241